[Event "Montpellier Diagonale-Bordeaux ASPOM"]
[Site "Montpellier"]
[Date "2008.03.16"]
[Round "9.8"]
[White "Garma, Jovanka"]
[Black "Genis, Nina"]
[Result "0-1"]
[WhiteElo "1770"]
[BlackElo "1950"]
[PlyCount "60"]
[EventDate "2008.03.16"]
[WhiteTeam "Bordeaux A.S.P.O.M."]
[BlackTeam "La Diagonale du Sud Montpellier"]

1. e4 c5 2. Nf3 g6 3. d4 Bg7 4. c3 cxd4 5. Nxd4 Nf6 6. Nd2 e5 7. Nc2 d5 8. f3
dxe4 9. fxe4 O-O 10. Ne3 Bh6 11. Nec4 Qe7 12. b3 Rd8 13. Qc2 b5 14. Nb2 Ng4 15.
Nf3 Bxc1 16. Qxc1 Qc5 17. Qc2 Qe3+ 18. Qe2 Qxc3+ 19. Nd2 Qxb2 20. Rd1 Qxa2 21.
h3 Nf6 22. Qf3 Nh5 23. Bxb5 Ba6 24. O-O Bxb5 25. Qxf7+ Kh8 26. Qe7 Nc6 27. Qb7
Bxf1 28. Qxc6 Be2 29. Qe6 Rxd2 30. Qxe5+ Ng7 0-1

[Event "Nice-Saint Affrique"]
[Site "Montpellier"]
[Date "2008.03.16"]
[Round "9.1"]
[White "Suarez Real, Alberto"]
[Black "Georgiev, Krum"]
[Result "1/2-1/2"]
[WhiteElo "2398"]
[BlackElo "2466"]
[PlyCount "21"]
[EventDate "2008.03.16"]
[WhiteTeam "Nice"]
[BlackTeam "Saint Affrique"]

1. e4 c5 2. Nf3 d6 3. d4 cxd4 4. Nxd4 Nf6 5. Nc3 a6 6. Be2 e6 7. O-O Qc7 8. f4
Be7 9. Be3 Nbd7 10. a4 b6 11. Bf3 1/2-1/2

[Event "Nice-Saint Affrique"]
[Site "Montpellier"]
[Date "2008.03.16"]
[Round "9.2"]
[White "Djingarova, Emilia"]
[Black "Bujisho, Benjamin"]
[Result "1/2-1/2"]
[WhiteElo "2296"]
[BlackElo "2387"]
[PlyCount "39"]
[EventDate "2008.03.16"]
[WhiteTeam "Saint Affrique"]
[BlackTeam "Nice"]

1. d4 Nf6 2. c4 Nc6 3. Nf3 e6 4. g3 Bb4+ 5. Bd2 Qe7 6. a3 Bxd2+ 7. Nbxd2 d6 8.
Bg2 O-O 9. O-O e5 10. d5 Nb8 11. b4 e4 12. Nd4 e3 13. N2b3 exf2+ 14. Rxf2 Ng4
15. Rf3 Nd7 16. Qd2 Nde5 17. Rc3 Bd7 18. c5 Nf6 19. Rac1 Ne8 20. Na5 1/2-1/2

[Event "Nice-Saint Affrique"]
[Site "Montpellier"]
[Date "2008.03.16"]
[Round "9.3"]
[White "Gachet, Sebastien"]
[Black "Laclau, Daniel"]
[Result "1/2-1/2"]
[WhiteElo "2271"]
[BlackElo "2270"]
[PlyCount "69"]
[EventDate "2008.03.16"]
[WhiteTeam "Nice"]
[BlackTeam "Saint Affrique"]

1. e4 c5 2. Nf3 e6 3. c3 Nf6 4. d3 d5 5. e5 Nfd7 6. d4 Nc6 7. a3 Be7 8. b4 b6
9. Bd3 a5 10. b5 Ncb8 11. a4 Nf8 12. O-O Nbd7 13. Ne1 Qc7 14. f4 g6 15. Nf3 Bb7
16. Be3 f5 17. exf6 Nxf6 18. Ne5 N8d7 19. Nd2 Rf8 20. Rc1 O-O-O 21. Ndf3 c4 22.
Bb1 Ba3 23. Rc2 Ne4 24. Nxd7 Qxd7 25. Ne5 Qe7 26. Qe1 Bd6 27. Rc1 Bxe5 28. fxe5
Rxf1+ 29. Qxf1 Rf8 30. Qe2 Qh4 31. Bxe4 Qxe4 32. Qd2 Kc7 33. Re1 Rf5 34. h3 Qh4
35. Bf2 1/2-1/2

[Event "Nice-Saint Affrique"]
[Site "Montpellier"]
[Date "2008.03.16"]
[Round "9.4"]
[White "Boyd, Stephen"]
[Black "Oliveira, Sancho"]
[Result "0-1"]
[WhiteElo "2336"]
[BlackElo "2207"]
[PlyCount "110"]
[EventDate "2008.03.16"]
[WhiteTeam "Saint Affrique"]
[BlackTeam "Nice"]

1. c4 c6 2. e4 c5 3. Nc3 Nc6 4. g3 g6 5. Bg2 Bg7 6. Nge2 e6 7. O-O Nge7 8. d3
O-O 9. a3 b6 10. Rb1 Bb7 11. b4 d6 12. Be3 Nd4 13. Qd2 Qd7 14. Bh6 Nec6 15.
Bxg7 Kxg7 16. f4 Nxe2+ 17. Nxe2 Nd4 18. Nxd4 cxd4 19. f5 e5 20. f6+ Kh8 21. Qg5
Bc8 22. h4 Rg8 23. Bf3 Qd8 24. Rf2 Qf8 25. Rh2 h6 26. Qd2 Kh7 27. g4 Qd8 28. g5
h5 29. Qd1 Rh8 30. Rc1 a5 31. Ra1 Be6 32. Rb2 Qc7 33. Qe1 axb4 34. axb4 Qb7 35.
b5 Ra7 36. Rba2 Rha8 37. Qe2 Kg8 38. Kf2 Kf8 39. Rxa7 Rxa7 40. Rxa7 Qxa7 41.
Bxh5 gxh5 42. Qxh5 Ke8 43. Qh8+ Kd7 44. Qf8 Kc7 45. Qe7+ Bd7 46. Qxf7 Qa2+ 47.
Kg3 Qe2 48. Qh7 Qxd3+ 49. Kh2 Qe2+ 50. Kg3 d3 51. f7 Qe3+ 52. Kg2 Qh3+ 53. Kf2
Qh2+ 54. Kf3 d2 55. f8=Q d1=Q+ 0-1

[Event "Nice-Saint Affrique"]
[Site "Montpellier"]
[Date "2008.03.16"]
[Round "9.6"]
[White "Pous, Vincent"]
[Black "Boursier, Julien"]
[Result "0-1"]
[WhiteElo "2063"]
[BlackElo "2106"]
[PlyCount "74"]
[EventDate "2008.03.16"]
[WhiteTeam "Saint Affrique"]
[BlackTeam "Nice"]

1. e4 e6 2. d3 d5 3. Nd2 Nc6 4. Ngf3 Bc5 5. c3 dxe4 6. dxe4 Nf6 7. Bb5 Bd7 8.
O-O Qe7 9. Qe2 a6 10. Ba4 Ne5 11. Bxd7+ Nfxd7 12. Nxe5 Nxe5 13. Nf3 Nxf3+ 14.
Qxf3 O-O-O 15. b4 Bb6 16. a4 Rd7 17. a5 Ba7 18. b5 Qf6 19. Qe2 e5 20. b6 cxb6
21. Be3 Rhd8 22. Rfb1 Rd6 23. h3 Kb8 24. c4 bxa5 25. c5 Rd3 26. Rxa5 Qc6 27.
Kh2 f6 28. Qa2 Ka8 29. Qc4 g6 30. Raa1 f5 31. Bg5 R3d4 32. Qf7 R8d7 33. Qf8+
Bb8 34. exf5 gxf5 35. Qxf5 Bc7 36. Ra2 Qxc5 37. Be3 e4+ 0-1

[Event "Nice-Saint Affrique"]
[Site "Montpellier"]
[Date "2008.03.16"]
[Round "9.7"]
[White "Bressac, Stephane"]
[Black "Bosc, Sebastien"]
[Result "1-0"]
[WhiteElo "1997"]
[BlackElo "2027"]
[PlyCount "55"]
[EventDate "2008.03.16"]
[WhiteTeam "Nice"]
[BlackTeam "Saint Affrique"]

1. e4 e6 2. d4 d5 3. Nc3 Nf6 4. Bg5 dxe4 5. Nxe4 Be7 6. Bxf6 Bxf6 7. Nf3 O-O 8.
c3 b6 9. Bd3 Bb7 10. Qe2 Nd7 11. O-O-O Be7 12. h4 Nf6 13. Nxf6+ Bxf6 14. Kb1
Bxf3 15. Qxf3 g6 16. h5 Bg7 17. Qh3 Re8 18. hxg6 hxg6 19. Bb5 Re7 20. Bc6 Rb8
21. g4 Qd6 22. d5 b5 23. Qd3 a6 24. g5 e5 25. Rh4 Rd8 26. Rdh1 e4 27. Qh3 Qe5
28. Rh8+ 1-0

[Event "Nice-Saint Affrique"]
[Site "Montpellier"]
[Date "2008.03.16"]
[Round "9.8"]
[White "Vignette, Jeanne"]
[Black "Bramme, Isabelle"]
[Result "0-1"]
[WhiteElo "1540"]
[BlackElo "1992"]
[PlyCount "100"]
[EventDate "2008.03.16"]
[WhiteTeam "Saint Affrique"]
[BlackTeam "Nice"]

1. e4 e6 2. d4 d5 3. Nc3 Bb4 4. e5 Qd7 5. Bd2 b6 6. a3 Bxc3 7. Bxc3 Ba6 8. Ne2
c5 9. g3 Nc6 10. b4 cxd4 11. Bxd4 Nxd4 12. Qxd4 Ne7 13. a4 Bc4 14. b5 Nf5 15.
Qg4 Qc7 16. Qf4 Bxe2 17. Bxe2 Qc3+ 18. Kf1 Qxa1+ 19. Kg2 Qd4 20. Qxd4 Nxd4 21.
Bd3 Rc8 22. Rc1 Rc3 23. f4 Ke7 24. Kf2 Rhc8 25. Ke3 Nb3 26. Rb1 Nc5 27. Ra1
Nxd3 28. cxd3 Rc2 29. h4 Rg2 30. Kf3 Rcc2 31. a5 bxa5 32. Rxa5 Rcf2+ 33. Ke3
Ra2 34. Rxa2 Rxa2 35. Kd4 Kd7 36. Kc5 Kc7 37. d4 Rg2 38. g4 Rxg4 39. h5 Rxf4
40. Kb4 Kb6 41. Kc3 Kxb5 42. Kd3 a5 43. Kc3 a4 44. Kb2 Kb4 45. Ka2 a3 46. Kb1
Kb3 47. Kc1 Rf2 48. Kd1 a2 49. Ke1 Rh2 50. h6 a1=Q# 0-1

[Event "Bordeaux ASPOM-L'Isle sur la Sorgue"]
[Site "Saint Affrique"]
[Date "2008.04.05"]
[Round "10.1"]
[White "Favarel, Julien"]
[Black "Dimitrov, Christo"]
[Result "1-0"]
[WhiteElo "2296"]
[BlackElo "2307"]
[PlyCount "79"]
[EventDate "2008.04.05"]

1. e4 c5 2. Nf3 d6 3. d4 cxd4 4. Nxd4 Nf6 5. Nc3 a6 6. g3 Bd7 7. Bg2 Nc6 8.
Nde2 e6 9. O-O Be7 10. h3 O-O 11. g4 Rc8 12. Ng3 Ne5 13. Kh2 b5 14. f4 Nc4 15.
g5 Ne8 16. h4 f6 17. Bh3 fxg5 18. hxg5 g6 19. f5 exf5 20. exf5 gxf5 21. Nxf5
Bxf5 22. Bxf5 Rc5 23. Be6+ Kh8 24. Rxf8+ Bxf8 25. Nd5 Bg7 26. c3 Be5+ 27. Kg1
Ng7 28. Bh3 Nxb2 29. Bxb2 Qxg5+ 30. Bg2 Nf5 31. Bc1 Qh4 32. Qf3 Bh2+ 33. Kf1
Qc4+ 34. Ke1 Rxd5 35. Qxd5 Qxc3+ 36. Kd1 Nd4 37. Qa8+ Kg7 38. Qb7+ Kf6 39. Qe4
d5 40. Qh4+ 1-0

[Event "Bordeaux ASPOM-L'Isle sur la Sorgue"]
[Site "Saint Affrique"]
[Date "2008.04.05"]
[Round "10.2"]
[White "Moncamp, Gilles"]
[Black "Jaureguiberry, Cedric"]
[Result "0-1"]
[WhiteElo "2200"]
[BlackElo "2166"]
[PlyCount "48"]
[EventDate "2008.04.05"]

1. e4 c5 2. Nf3 d6 3. c3 Nf6 4. Be2 g6 5. O-O Bg7 6. d3 O-O 7. Bg5 Nc6 8. Nbd2
h6 9. Bxf6 Bxf6 10. Qc2 d5 11. Rad1 d4 12. Nb3 b6 13. cxd4 Nxd4 14. Nbxd4 Bxd4
15. Nxd4 Qxd4 16. Kh1 e5 17. f4 exf4 18. Rxf4 Be6 19. Bg4 g5 20. Bxe6 gxf4 21.
Bd5 Rae8 22. Qd2 Re5 23. Qxf4 Rxd5 24. Qxh6 Qxe4 0-1

[Event "Bordeaux ASPOM-L'Isle sur la Sorgue"]
[Site "Saint Affrique"]
[Date "2008.04.05"]
[Round "10.3"]
[White "Le Huec, Marc"]
[Black "Weill, Roland"]
[Result "1-0"]
[WhiteElo "2204"]
[BlackElo "2222"]
[PlyCount "89"]
[EventDate "2008.04.05"]

1. d4 d6 2. c4 e5 3. e3 Nf6 4. Nc3 Nbd7 5. Nf3 g6 6. Be2 Bg7 7. O-O O-O 8. Rb1
Re8 9. b4 h5 10. Qb3 e4 11. Nd2 Nf8 12. d5 h4 13. Bb2 h3 14. g3 N6h7 15. Rfc1
Ng5 16. Qd1 Nd7 17. Nb5 Bxb2 18. Rxb2 a6 19. Nd4 Ne5 20. a4 Qf6 21. c5 Bd7 22.
Nc4 Nxc4 23. Rxc4 Re5 24. c6 bxc6 25. dxc6 Be6 26. Rc1 Rd5 27. Rd2 Rb8 28. Rb1
a5 29. b5 Rc5 30. Rc1 Qe5 31. Rdc2 Kg7 32. Rxc5 dxc5 33. Nb3 Bxb3 34. Qxb3 Rd8
35. Qc3 Qxc3 36. Rxc3 Rd2 37. Kf1 Rb2 38. Ke1 Nf3+ 39. Bxf3 exf3 40. e4 Re2+
41. Kf1 Rxe4 42. Rxf3 Kf8 43. b6 cxb6 44. c7 Re8 45. Rd3 1-0

[Event "Bordeaux ASPOM-L'Isle sur la Sorgue"]
[Site "Saint Affrique"]
[Date "2008.04.05"]
[Round "10.4"]
[White "Sibirko, Ivan"]
[Black "Calas, Bernard"]
[Result "1-0"]
[WhiteElo "2095"]
[BlackElo "2140"]
[PlyCount "89"]
[EventDate "2008.04.05"]

1. d4 g6 2. c4 Bg7 3. g3 d6 4. Bg2 Nf6 5. Nf3 O-O 6. O-O Bd7 7. Nc3 Nc6 8. h3
Re8 9. Bg5 h6 10. Be3 e5 11. dxe5 dxe5 12. Qc1 Kh7 13. Rd1 Qc8 14. Kh2 a5 15.
b3 Be6 16. Nd5 Nh5 17. a3 f5 18. Ra2 g5 19. Qb1 Kg8 20. b4 axb4 21. axb4 Rxa2
22. Qxa2 f4 23. Bc5 fxg3+ 24. fxg3 b6 25. Bf2 b5 26. e4 Kh8 27. Qe2 g4 28. Nh4
Nd4 29. Bxd4 exd4 30. e5 c6 31. Ng6+ Kh7 32. Nde7 Rxe7 33. Nxe7 Qd7 34. Qe4+
Kh8 35. Ng6+ Kg8 36. Rxd4 Qe8 37. hxg4 Nxg3 38. Kxg3 Bf7 39. Rd6 bxc4 40. Rxc6
Bxg6 41. Rxg6 c3 42. Qa8 Qxa8 43. Bxa8 c2 44. Rc6 Bxe5+ 45. Kf3 1-0

[Event "Bordeaux ASPOM-L'Isle sur la Sorgue"]
[Site "Saint Affrique"]
[Date "2008.04.05"]
[Round "10.5"]
[White "Bancel, Gerard"]
[Black "Morice, Ludovic"]
[Result "1-0"]
[WhiteElo "2139"]
[BlackElo "2064"]
[PlyCount "55"]
[EventDate "2008.04.05"]

1. g3 e5 2. Bg2 d5 3. c4 d4 4. d3 Bb4+ 5. Nd2 Ne7 6. Ngf3 Nbc6 7. a3 Bxd2+ 8.
Bxd2 O-O 9. b4 f6 10. O-O Qe8 11. e3 Bf5 12. b5 Bxd3 13. bxc6 Bxf1 14. cxb7 Rb8
15. Qxf1 Qd7 16. Bb4 Rfe8 17. exd4 e4 18. Nd2 f5 19. Nb3 Nc6 20. Qd1 Qf7 21. d5
Nxb4 22. axb4 Rxb7 23. Qd2 Qf6 24. b5 g5 25. Qd4 Qxd4 26. Nxd4 f4 27. Ne6 Rxe6
28. dxe6 1-0

[Event "Bordeaux ASPOM-L'Isle sur la Sorgue"]
[Site "Saint Affrique"]
[Date "2008.04.05"]
[Round "10.6"]
[White "Lallement, Victor"]
[Black "Favarel, Antoine"]
[Result "1-0"]
[WhiteElo "2093"]
[BlackElo "2065"]
[PlyCount "125"]
[EventDate "2008.04.05"]

1. e4 c5 2. Nf3 Nc6 3. d4 cxd4 4. Nxd4 Nf6 5. Nc3 e5 6. Ndb5 d6 7. Nd5 Nxd5 8.
exd5 Nb8 9. c4 Be7 10. Bd3 O-O 11. Be3 a6 12. Nc3 f5 13. f3 Bg5 14. Qd2 Bxe3
15. Qxe3 e4 16. fxe4 f4 17. Qf2 Nd7 18. O-O Ne5 19. Be2 Rf6 20. Kh1 g5 21. c5
Rh6 22. cxd6 Qxd6 23. g3 f3 24. Bxf3 Bh3 25. Be2 Bxf1 26. Rxf1 Rf8 27. Qxf8+
Qxf8 28. Rxf8+ Kxf8 29. b4 g4 30. Kg2 Ke7 31. Nd1 Nf3 32. Bxf3 gxf3+ 33. Kxf3
Rxh2 34. Nf2 Kd6 35. g4 Rh6 36. g5 Rg6 37. Kf4 h6 38. gxh6 Rxh6 39. Ng4 Rh4 40.
Kg5 Rh1 41. Nh6 Re1 42. Kf5 Rf1+ 43. Kg6 Rf4 44. Nf7+ Ke7 45. Ng5 b5 46. e5
Rxb4 47. d6+ Kd7 48. Kf5 Rb1 49. Nh7 Rf1+ 50. Ke4 a5 51. Kd5 Rf5 52. Nf6+ Kd8
53. Ke6 Rg5 54. Ne4 Rh5 55. Nc5 Rh6+ 56. Kd5 a4 57. e6 Rh7 58. Kc6 b4 59. Nxa4
Ra7 60. Nc5 b3 61. axb3 Rc7+ 62. dxc7+ Kc8 63. Kd5 1-0

[Event "Bordeaux ASPOM-L'Isle sur la Sorgue"]
[Site "Saint Affrique"]
[Date "2008.04.05"]
[Round "10.7"]
[White "Sallette, Alain"]
[Black "Vanderbeeken, Mikael"]
[Result "0-1"]
[WhiteElo "1967"]
[BlackElo "2093"]
[PlyCount "58"]
[EventDate "2008.04.05"]

1. d4 e6 2. c4 Bb4+ 3. Nc3 f5 4. a3 Bxc3+ 5. bxc3 Nf6 6. Nf3 d6 7. g3 b6 8. Bg2
Bb7 9. O-O Nbd7 10. Re1 Qe7 11. a4 a5 12. Bg5 O-O 13. Qb3 Rab8 14. Rad1 Qe8 15.
Qb5 Ne4 16. Rd3 Kh8 17. Bf4 Ndf6 18. Qxe8 Rfxe8 19. Nd2 e5 20. Be3 Ba6 21. dxe5
dxe5 22. Nxe4 fxe4 23. Rd2 Bxc4 24. Bg5 Nd5 25. Bxe4 Nxc3 26. Bc2 h6 27. Be3
Rbd8 28. Bg6 Rxd2 29. Bxe8 Rd6 0-1

[Event "Bordeaux ASPOM-L'Isle sur la Sorgue"]
[Site "Saint Affrique"]
[Date "2008.04.05"]
[Round "10.8"]
[White "Dubois, Martine"]
[Black "Michon, Catherine"]
[Result "1-0"]
[WhiteElo "1992"]
[BlackElo "1460"]
[PlyCount "73"]
[EventDate "2008.04.05"]

1. e4 d6 2. d4 Nf6 3. Nc3 e5 4. Nf3 Nbd7 5. Bc4 Be7 6. Bxf7+ Kxf7 7. Ng5+ Kg8
8. Ne6 Qe8 9. Nxc7 Qg6 10. Nxa8 Qxg2 11. Rf1 Nxe4 12. Qd3 Nxc3 13. Qc4+ d5 14.
Qxc8+ Nf8 15. Qxc3 Qe4+ 16. Be3 Ng6 17. O-O-O Kf7 18. f3 Qf5 19. Qb3 Rxa8 20.
Qxb7 Rc8 21. Qxd5+ Kf8 22. Qe4 Qxe4 23. fxe4+ Bf6 24. h4 h5 25. dxe5 Nxe5 26.
Rf5 Ke7 27. Rxh5 Rc4 28. Rd4 Rc8 29. Rd5 Nc4 30. Bg5 Bxg5+ 31. Rhxg5 Rg8 32.
Rc5 Nd6 33. Rc7+ Kf6 34. e5+ Ke6 35. exd6 Rf8 36. Rg6+ Kf5 37. Rgxg7 1-0

[Event "Echiquier Bordelais-Montpellier Diagona"]
[Site "Saint Affrique"]
[Date "2008.04.05"]
[Round "10.1"]
[White "Passager, Jean Pierre"]
[Black "Rodriguez, Amador"]
[Result "0-1"]
[WhiteElo "2238"]
[BlackElo "2483"]
[PlyCount "110"]
[EventDate "2008.04.05"]

1. d4 Nf6 2. c4 e6 3. Nf3 b6 4. g3 Bb4+ 5. Nbd2 Bb7 6. Bg2 Be7 7. O-O O-O 8. b3
c5 9. Bb2 d6 10. Qc2 cxd4 11. Nxd4 Bxg2 12. Kxg2 Qc7 13. f3 a6 14. Ne4 Nbd7 15.
Nc3 Rfe8 16. e4 Rac8 17. Qd3 Qb7 18. Rae1 Bf8 19. Kg1 Rcd8 20. Qe2 g6 21. Rd1
Bg7 22. Nc2 Qc7 23. Ne3 Nh5 24. Rc1 Nc5 25. Rfd1 f5 26. exf5 gxf5 27. f4 Nf6
28. Qg2 h5 29. Qc2 Nfe4 30. Ng2 Nxc3 31. Bxc3 Ne4 32. Bxg7 Qxg7 33. Qd3 Rc8 34.
Qd4 Qxd4+ 35. Rxd4 b5 36. Ne3 Re7 37. Rcd1 Rec7 38. Rxe4 fxe4 39. Rxd6 Rc6 40.
Rd4 Kf7 41. Kf2 e5 42. fxe5 Ke6 43. Rxe4 Rc5 44. cxb5 axb5 45. a4 bxa4 46. bxa4
Rxe5 47. Rxe5+ Kxe5 48. g4 h4 49. Nf5 Rc2+ 50. Kf3 Rc3+ 51. Kf2 h3 52. Ng3 Rc2+
53. Kf3 Rxh2 54. Nh5 Ra2 55. Ng3 Ra3+ 0-1

[Event "Echiquier Bordelais-Montpellier Diagona"]
[Site "Saint Affrique"]
[Date "2008.04.05"]
[Round "10.3"]
[White "Daumens, Michel"]
[Black "Palleja, Xavier"]
[Result "0-1"]
[WhiteElo "2190"]
[BlackElo "2259"]
[PlyCount "108"]
[EventDate "2008.04.05"]

1. e4 e6 2. d3 d5 3. Nd2 Nf6 4. g3 dxe4 5. dxe4 e5 6. Ngf3 Nc6 7. Bg2 Bc5 8.
O-O O-O 9. Qe2 Qe7 10. Nb3 Bb6 11. h3 Rd8 12. Be3 Bxe3 13. Qxe3 a5 14. Nc5 Nd4
15. Nxd4 exd4 16. Qa3 b6 17. Nd3 Qxa3 18. bxa3 Bb7 19. Rfe1 Re8 20. f3 Rad8 21.
Rab1 Ba6 22. Bf1 Bc4 23. Rb2 Nd7 24. Kf2 Kf8 25. Rd1 f6 26. Nf4 Bxf1 27. Rxf1
Ne5 28. Ke2 Nc4 29. Rb3 Rd6 30. Rfb1 f5 31. Kd3 Ne5+ 32. Ke2 Nd7 33. Kf2 fxe4
34. fxe4 Nc5 35. Re1 Nxe4+ 36. Kg2 Nc3 37. Rf1 Kg8 38. Rb2 Rf6 39. h4 Re3 40.
Rb3 Re4 41. Kf3 Re3+ 42. Kg2 g6 43. Rf3 Rxf3 44. Kxf3 h6 45. Kg4 Kf7 46. Rb2
Ke7 47. Rb3 Kd6 48. Rb2 Ke5 49. Rb3 Ke4 50. a4 Ke5 51. Ra3 Rc6 52. Rb3 Kf6 53.
Nd3 Re6 54. Kf3 Re3+ 0-1

[Event "Echiquier Bordelais-Montpellier Diagona"]
[Site "Saint Affrique"]
[Date "2008.04.05"]
[Round "10.4"]
[White "Vaisman, Volodia"]
[Black "Lemeaux, David"]
[Result "1/2-1/2"]
[WhiteElo "2353"]
[BlackElo "2191"]
[PlyCount "85"]
[EventDate "2008.04.05"]

1. Nf3 Nf6 2. c4 e6 3. Nc3 d5 4. d4 Be7 5. Bg5 O-O 6. e3 Nbd7 7. Qc2 c6 8. a3
Re8 9. Rd1 h6 10. Bh4 dxc4 11. Bxc4 Nd5 12. Bxe7 Qxe7 13. O-O Nxc3 14. Qxc3 b6
15. Rd2 Bb7 16. Rfd1 c5 17. Ne5 cxd4 18. Qxd4 Nxe5 19. Qxe5 Red8 20. f3 Rxd2
21. Rxd2 Rd8 22. Rd4 Rxd4 23. Qxd4 Qc7 24. b4 Bc6 25. Bd3 Bb7 26. Kf2 e5 27.
Qh4 Qd6 28. Ke2 Kf8 29. Qg4 g6 30. h4 h5 31. Qc4 Kg7 32. Be4 Bxe4 33. Qxe4 Qe6
34. Qc2 Qe7 35. Qc4 Qd6 36. g3 Kf6 37. f4 exf4 38. gxf4 Qd7 39. Qc3+ Ke7 40.
Qe5+ Kf8 41. Qh8+ Ke7 42. Qe5+ Kf8 43. Qh8+ 1/2-1/2

[Event "Echiquier Bordelais-Montpellier Diagona"]
[Site "Saint Affrique"]
[Date "2008.04.05"]
[Round "10.5"]
[White "Galloux, Maxime"]
[Black "Guerin, Gilles"]
[Result "0-1"]
[WhiteElo "2063"]
[BlackElo "2225"]
[PlyCount "60"]
[EventDate "2008.04.05"]

1. e4 d6 2. d4 Nf6 3. Nc3 Nbd7 4. g4 h6 5. Be3 e5 6. h3 c6 7. Nge2 b5 8. a3 a6
9. Bg2 Bb7 10. Ng3 Qc7 11. O-O g6 12. Qd2 O-O-O 13. a4 b4 14. Nd1 exd4 15. Bxd4
c5 16. Be3 d5 17. Bf4 Ne5 18. Qe2 g5 19. Bc1 Ng6 20. c3 Nf4 21. Bxf4 gxf4 22.
Nf5 dxe4 23. Qc4 Rg8 24. Rc1 f3 25. Bh1 Nxg4 26. Ng3 Ne3 27. Nxe3 Rxg3+ 28.
fxg3 Qxg3+ 29. Bg2 Rd2 30. Rc2 Rxc2 0-1

[Event "Echiquier Bordelais-Montpellier Diagona"]
[Site "Saint Affrique"]
[Date "2008.04.05"]
[Round "10.6"]
[White "Vaklinov, Vasil"]
[Black "Lagunes, Jean Renaud"]
[Result "1-0"]
[WhiteElo "2190"]
[BlackElo "2063"]
[PlyCount "89"]
[EventDate "2008.04.05"]

1. c4 Nc6 2. Nc3 e5 3. g3 f5 4. Bg2 Nf6 5. e3 Bc5 6. Nge2 d6 7. d4 Bb6 8. O-O
O-O 9. a3 a5 10. Rb1 Qe8 11. Nd5 Nxd5 12. cxd5 Nd8 13. dxe5 Qxe5 14. b4 Qf6 15.
Bb2 Qh6 16. Nf4 axb4 17. axb4 Re8 18. Qh5 Qxh5 19. Nxh5 Re7 20. Ra1 Rb8 21.
Rfc1 Bd7 22. h4 Be8 23. Nf4 Bf7 24. h5 Kf8 25. Ra3 g5 26. hxg6 hxg6 27. Bf6 Rd7
28. Bf3 Kg8 29. Kg2 Be8 30. g4 Rh7 31. Rca1 Kf7 32. g5 c5 33. bxc5 dxc5 34. Ra8
Rxa8 35. Rxa8 Bb5 36. Bxd8 Rh8 37. Ne6 c4 38. Rb8 Ba6 39. Bd1 c3 40. Rc8 Bd3
41. Rxc3 Be4+ 42. Bf3 Bxd8 43. Bxe4 fxe4 44. Rc8 Ke7 45. Rxd8 1-0

[Event "Echiquier Bordelais-Montpellier Diagona"]
[Site "Saint Affrique"]
[Date "2008.04.05"]
[Round "10.7"]
[White "Ghaibi, Ziyad"]
[Black "Louche, Herve"]
[Result "1-0"]
[WhiteElo "1899"]
[BlackElo "1866"]
[PlyCount "85"]
[EventDate "2008.04.05"]

1. d4 Nf6 2. c4 e5 3. dxe5 Ng4 4. Bf4 Nc6 5. Nf3 Bb4+ 6. Nc3 Bxc3+ 7. bxc3 Qe7
8. Qd5 f6 9. exf6 Nxf6 10. Qd3 d6 11. Qe3 Qxe3 12. Bxe3 b6 13. Nd4 Ne5 14. Nb5
Kd8 15. O-O-O Nxc4 16. Bg5 Rf8 17. e4 a6 18. Nd4 Ne5 19. f4 Nf7 20. e5 Nxg5 21.
fxg5 Ne4 22. Bc4 Nxc3 23. Rd3 d5 24. Nf3 Ke7 25. Bxd5 Nxd5 26. Rxd5 Bb7 27. Rd3
Bxf3 28. gxf3 Rf5 29. Rhd1 Rxe5 30. Rd7+ Kf8 31. Rxc7 Rxg5 32. Kb2 Rg2+ 33. Kb3
Rxh2 34. Rdd7 Rg2 35. Kb4 b5 36. a3 h5 37. Rd5 a5+ 38. Kxb5 Rb2+ 39. Ka4 Rh2
40. Rg5 Rh4+ 41. Kb5 a4 42. Rgxg7 Re8 43. Rcf7# 1-0

[Event "Echiquier Bordelais-Montpellier Diagona"]
[Site "Saint Affrique"]
[Date "2008.04.05"]
[Round "10.8"]
[White "Genis, Nina"]
[Black "Soissong, Elzbieta"]
[Result "1-0"]
[WhiteElo "1950"]
[BlackElo "1700"]
[PlyCount "71"]
[EventDate "2008.04.05"]

1. d4 Nf6 2. c4 e6 3. Nf3 c5 4. e3 cxd4 5. exd4 Be7 6. Bd3 Nc6 7. a3 Qa5+ 8.
Bd2 Qh5 9. O-O O-O 10. Nc3 d5 11. c5 e5 12. Nxe5 Nxe5 13. dxe5 Qxe5 14. Re1 Qc7
15. b4 Bg4 16. Nxd5 Nxd5 17. Qxg4 g6 18. Bc4 Bf6 19. Rac1 Rad8 20. Bxd5 Rxd5
21. Bc3 Bxc3 22. Rxc3 Rh5 23. h3 Qd8 24. Rd1 Qf6 25. Qf3 Rf5 26. Qe3 Rd8 27.
Rcd3 Rxd3 28. Qxd3 Rxf2 29. Qd8+ Kg7 30. Qxf6+ Rxf6 31. Rd7 Ra6 32. Rxb7 Rxa3
33. c6 a6 34. Rb8 Rc3 35. Rb6 a5 36. bxa5 1-0

[Event "Montpellier II-Chamalieres"]
[Site "Saint Affrique"]
[Date "2008.04.05"]
[Round "10.1"]
[White "Anic, Darko"]
[Black "Etchegaray, Patrice"]
[Result "1-0"]
[WhiteElo "2453"]
[BlackElo "2378"]
[PlyCount "143"]
[EventDate "2008.04.05"]

1. Nf3 Nf6 2. c4 g6 3. g3 Bg7 4. Bg2 O-O 5. O-O d6 6. d4 Nc6 7. Nc3 a6 8. h3
Bd7 9. Be3 e5 10. Rc1 exd4 11. Nxd4 Re8 12. Qd2 Qc8 13. Kh2 Re5 14. Nxc6 bxc6
15. Bg5 h6 16. f4 Re8 17. Bxf6 Bxf6 18. e4 Rb8 19. c5 Bg7 20. b3 Rb4 21. cxd6
cxd6 22. Rfd1 Rd4 23. Qf2 Rxd1 24. Nxd1 c5 25. Ne3 Bc6 26. Nc4 Bf8 27. e5 Bxg2
28. Qxg2 dxe5 29. fxe5 Rd8 30. Rf1 Be7 31. Qf3 Qe6 32. Rd1 Rxd1 33. Qxd1 h5 34.
Qd3 Qc6 35. Nd6 Bf8 36. Qe4 Qd7 37. Qd5 Qe7 38. Kg2 Bg7 39. Nc4 h4 40. g4 Qg5
41. Qxc5 Qf4 42. Qe3 Qxe3 43. Nxe3 Bxe5 44. Kf3 Kf8 45. Ke4 Bg3 46. Nd5 Ke8 47.
Nb4 a5 48. Nc6 Be1 49. a3 Kd7 50. Kd5 f6 51. b4 axb4 52. axb4 f5 53. Ne5+ Kc7
54. g5 Bxb4 55. Ke6 Bd2 56. Nf3 Be3 57. Kf6 Kd6 58. Kxg6 f4 59. Kf5 Bf2 60.
Kxf4 Ke6 61. Kg4 Kf7 62. Nxh4 Kg7 63. Nf5+ Kh7 64. h4 Be1 65. Nd4 Bc3 66. Ne6
Kg6 67. h5+ Kh7 68. Kf5 Bb2 69. Nf8+ Kg7 70. Nd7 Bc1 71. h6+ Kh7 72. Ne5 1-0

[Event "Montpellier II-Chamalieres"]
[Site "Saint Affrique"]
[Date "2008.04.05"]
[Round "10.2"]
[White "Robin, Samy"]
[Black "Touzane, Olivier"]
[Result "1-0"]
[WhiteElo "2347"]
[BlackElo "2310"]
[PlyCount "62"]
[EventDate "2008.04.05"]

1. e4 e6 2. d4 d5 3. Nd2 Be7 4. c3 c5 5. dxc5 Nf6 6. exd5 Qxd5 7. b4 O-O 8.
Ngf3 Nc6 9. Bc4 Qh5 10. Bb2 e5 11. O-O e4 12. Nd4 Qg6 13. Nxc6 bxc6 14. Qe2 Bf5
15. f3 Rae8 16. fxe4 Nxe4 17. Nxe4 Bxe4 18. Qf2 Kh8 19. Qg3 Qh5 20. Rad1 f5 21.
Rd7 Rf6 22. Be2 Qxe2 23. Rxe7 Rg8 24. Qf2 Qg4 25. Qd2 Rg6 26. Rf2 h5 27. c4 h4
28. h3 Qxh3 29. Re6 Rxg2+ 30. Rxg2 Qxg2+ 31. Qxg2 Bxg2 1-0

[Event "Montpellier II-Chamalieres"]
[Site "Saint Affrique"]
[Date "2008.04.05"]
[Round "10.3"]
[White "Zharkov, Hleb"]
[Black "Sandu, Mihaela"]
[Result "0-1"]
[WhiteElo "2262"]
[BlackElo "2325"]
[PlyCount "58"]
[EventDate "2008.04.05"]

1. d4 f5 2. c4 Nf6 3. Nc3 g6 4. g3 Bg7 5. Bg2 O-O 6. Nf3 d6 7. O-O Qe8 8. Re1
Qf7 9. b3 Ne4 10. Bb2 Nc6 11. Rc1 e5 12. dxe5 dxe5 13. Nxe4 fxe4 14. Ng5 Qxf2+
15. Kh1 Qf5 16. Qd5+ Kh8 17. Nxe4 Qh5 18. Rf1 Bg4 19. Rxf8+ Rxf8 20. Nc5 Bxe2
21. Ne6 Bf3 22. Bxf3 Qxf3+ 23. Qxf3 Rxf3 24. Nxc7 Rf2 25. Rb1 e4 26. Bxg7+ Kxg7
27. Re1 Nd4 28. Kg1 Rd2 29. Rxe4 Nf3+ 0-1

[Event "Montpellier II-Chamalieres"]
[Site "Saint Affrique"]
[Date "2008.04.05"]
[Round "10.4"]
[White "Blanc, Sebastien"]
[Black "Dussol, Pierre"]
[Result "0-1"]
[WhiteElo "2120"]
[BlackElo "2227"]
[PlyCount "66"]
[EventDate "2008.04.05"]

1. e4 g6 2. d4 Bg7 3. Nc3 d6 4. Bc4 Nc6 5. Be3 Nf6 6. f3 O-O 7. Qd2 a6 8. a3 b5
9. Ba2 e5 10. d5 Nd4 11. Nd1 c5 12. c3 a5 13. cxd4 exd4 14. Bf2 Ba6 15. Ne2 Nd7
16. O-O b4 17. Bb1 Ne5 18. axb4 axb4 19. Re1 d3 20. Rxa6 Rxa6 21. Bxd3 c4 22.
Bb1 Ra1 23. Ne3 Qa5 24. Kf1 Rc8 25. Nd4 c3 26. bxc3 bxc3 27. Qe2 Qb6 28. Qd1
Rb8 29. f4 Rxb1 30. Qxb1 Qxb1 31. Rxb1 Rxb1+ 32. Ke2 Rb2+ 33. Ndc2 Ng4 0-1